Trang phục (Dùng trong trường THPT)

Gardado en:
Detalles Bibliográficos
Formato: Libro
Các nhãn: Engadir etiqueta
Sen Etiquetas, Sexa o primeiro en etiquetar este rexistro!
Thư viện lưu trữ: Mạng thư viện Đại học Đà Nẵng
LEADER 00413nam a22001691a 4500
001 000039971
003 16266
005 20160412022710.0
008 160412s0 000
082 |a 4N(TK)992 
245 |a Trang phục (Dùng trong trường THPT) 
OWN |a LNN 
999 |a From the UDN01 
TYP |a Monograph 
980 |a Mạng thư viện Đại học Đà Nẵng